Istruzioni per le nutrici e pei custodi degli esposti fuori dello stabilimento / Ospizio Esposti e Maternità
Descripción Física:
17, [14] p. ; 15 cm
MARC
| LEADER | 00000nam a2200000Ia 4500 | ||
|---|---|---|---|
| 001 | 20818 | ||
| 008 | 160829s1894 xx 000 0 cat d | ||
| 080 | |a RF-8-71 | ||
| 100 | |a Ospizio Esposti e Maternità |9 47278 | ||
| 245 | |a Istruzioni per le nutrici e pei custodi degli esposti fuori dello stabilimento / Ospizio Esposti e Maternità | ||
| 260 | |a Bologna : |b Stab. Tipográfico Successori Moni, |c 1894 | ||
| 300 | |a 17, [14] p. ; |c 15 cm | ||
| 590 | |a Prové de J-3044, exp. 3 | ||
| 650 | |a Ospizio Esposti e Maternità |x Reglaments i procediment |9 47279 | ||
| 856 | 4 | |u https://media.diba.cat/diba/fitxers/arxiu/fulletons/bib_20818_1894_baixa.pdf |y Accés lliure | |
| 856 | 4 | |u https://media.diba.cat/diba/fitxers/arxiu/fulletons/bib_20818_1894_baixa.pdf |y Accés lliure | |
| 901 | |a Arxiu | ||
| 942 | |n 1 |2 udc | ||
| 952 | |0 0 |1 0 |4 0 |6 RF871 |7 1 |9 53794 |a Arxiu |b Arxiu |d 2016-12-01 |l 0 |o RF-8-71 |p 20818 |r 2016-12-01 00:00:00 |w 2016-12-01 |y ARXIU | ||
| 999 | |c 57660 |d 57660 | ||
| 900 | |a bib_20818_1894_baixa.pdf | ||